Principles of Operations Research for Management (Record no. 3388)

000 -LEADER
fixed length control field nam a22 a 4500
005 - DATE AND TIME OF LATEST TRANSACTION
control field 20170522130341.0
008 - FIXED-LENGTH DATA ELEMENTS--GENERAL INFORMATION
fixed length control field 170522b19771988-us||||| |||| 00| 0 eng d
020 ## - INTERNATIONAL STANDARD BOOK NUMBER
International Standard Book Number 0256026432
040 ## - CATALOGING SOURCE
Original cataloging agency AKMAL
082 04 - DEWEY DECIMAL CLASSIFICATION NUMBER
Classification number 658.4034 BUD
090 ## - LOCALLY ASSIGNED LC-TYPE CALL NUMBER (OCLC); LOCAL CALL NUMBER (RLIN)
Classification number (OCLC) (R) ; Classification number, CALL (RLIN) (NR) 658.4034
Local cutter number (OCLC) ; Book number/undivided call number, CALL (RLIN) BUD
100 ## - MAIN ENTRY--PERSONAL NAME
Personal name Budnick, Frank S
9 (RLIN) 6848
245 ## - TITLE STATEMENT
Title Principles of Operations Research for Management
Statement of responsibility, etc. Frank S. Budnick, Dennies McLeavey, Richard Mojena
250 ## - EDITION STATEMENT
Edition statement 2nd ed
260 ## - PUBLICATION, DISTRIBUTION, ETC.
Name of publisher, distributor, etc. Irwin
Date of publication, distribution, etc. 1988
300 ## - PHYSICAL DESCRIPTION
Extent 988p
Dimensions 23cm
700 ## - ADDED ENTRY--PERSONAL NAME
Personal name McLeavey, Dennis
9 (RLIN) 6849
700 ## - ADDED ENTRY--PERSONAL NAME
Personal name Mojena, Richard
9 (RLIN) 6850
942 ## - ADDED ENTRY ELEMENTS (KOHA)
Source of classification or shelving scheme
Koha item type Book
Holdings
Withdrawn status Lost status Source of classification or shelving scheme Damaged status Not for loan Collection code Home library Current library Shelving location Date acquired Inventory number Total Checkouts Full call number Barcode Date last seen Price effective from Koha item type
          NON-FICTION AKMAL Melaka AKMAL Melaka PINJAMAN 22.05.2017 601040   658.4034 BUD 201704190 22.05.2017 22.05.2017 Book
Pusat Sumber Maklumat Dato' Haji Sarmin Md Hussin, Akademi Kastam Diraja Malaysia, Melaka
Tel: 06-2331106 | Faks: 06-2313787